<?xml version="1.0" encoding="UTF-8"?>
<collection xmlns="http://www.loc.gov/MARC21/slim">
 <record>
  <leader>01999pamaa2200265   4500</leader>
  <controlfield tag="001">0000050741</controlfield>
  <controlfield tag="005">20130517090000.0</controlfield>
  <controlfield tag="008">121011s2012                             eng  </controlfield>
  <datafield tag="020" ind1="0" ind2="0">
   <subfield code="a">9780273736905 / 0273736906 (pbk.) </subfield>
  </datafield>
  <datafield tag="090" ind1="0" ind2="0">
   <subfield code="a">HB171.5 </subfield>
   <subfield code="b">APP 2012</subfield>
  </datafield>
  <datafield tag="245" ind1="1" ind2="0">
   <subfield code="a">Applied economics  </subfield>
   <subfield code="c">edited by Alan Griffiths &amp; Stuart Wall.</subfield>
  </datafield>
  <datafield tag="250" ind1="0" ind2="0">
   <subfield code="a">12th ed.</subfield>
  </datafield>
  <datafield tag="260" ind1="0" ind2="0">
   <subfield code="a">Harlow, Essex ; New York, NY: </subfield>
   <subfield code="b">Pearson Financial Times, </subfield>
   <subfield code="c">2012.</subfield>
  </datafield>
  <datafield tag="300" ind1=" " ind2=" ">
   <subfield code="a">xxxii, 696 p.: </subfield>
   <subfield code="b">col. ill.; </subfield>
   <subfield code="c">25 cm.</subfield>
  </datafield>
  <datafield tag="501" ind1="0" ind2="0">
   <subfield code="a">BBDUH</subfield>
  </datafield>
  <datafield tag="501" ind1="0" ind2="0">
   <subfield code="a">BMAUH</subfield>
  </datafield>
  <datafield tag="501" ind1="0" ind2="0">
   <subfield code="a">BATUH</subfield>
  </datafield>
  <datafield tag="501" ind1="0" ind2="0">
   <subfield code="a">BFIUH</subfield>
  </datafield>
  <datafield tag="504" ind1="0" ind2="0">
   <subfield code="a">Includes bibliographical references and index</subfield>
  </datafield>
  <datafield tag="505" ind1="0" ind2="0">
   <subfield code="a">Changes i-n the economic structure -- Theory of the firm -- Financial reports as a source of corporate information -- Firm objectives and firm behaviour -- Entrepreneurship and small/medium-sized enterprises (SMES) -- Mergers and acquisitions in the rowth of the firm -- Oligopoly -- The multinational corporation -- Privatization and deregulation -- Beyond markets : critical approaches to microeconomics -- Environmental, regional and social economics -- The economics of the environment -- Transport -- Health economics -- Distribution of income and wealth -- Trade unions, wages, and collective bargaining -- Corporate social and ethical responsibility -- Macroeconomics -- Consumption and saving -- Investment -- Public expenditure -- Taxation -- Money and monetary policy -- Financial institutions and markets -- Inflation -- Unemployment -- International economics -- Globalization -- Exchange rates and trade performance -- Free trade, regional trading blocs, and protectionism -- The European Union -- The bric economies : Brazil, Russia, India, and China -- Growth and development -- Managing the global economy : post +credit crunch+ -- A guide to sources</subfield>
  </datafield>
  <datafield tag="650" ind1="0" ind2="0">
   <subfield code="a">Great Britain -- </subfield>
   <subfield code="x">Economic conditions -- </subfield>
   <subfield code="z">20th century </subfield>
  </datafield>
  <datafield tag="650" ind1="0" ind2="0">
   <subfield code="a">Economics </subfield>
  </datafield>
  <datafield tag="700" ind1="1" ind2="1">
   <subfield code="a">Wall, </subfield>
   <subfield code="h">Stuart </subfield>
  </datafield>
  <datafield tag="700" ind1="1" ind2="1">
   <subfield code="a">Griffiths, </subfield>
   <subfield code="h">Alan </subfield>
  </datafield>
  <datafield tag="901" ind1=" " ind2=" ">
   <subfield code="u">www.pearsonhighered.com</subfield>
  </datafield>
 </record>
</collection>
